How To Get What You Want Out Of Life (Record no. 300195)
[ view plain ]
| 000 -LEADER | |
|---|---|
| fixed length control field | 00395nam a2200145Ia 4500 |
| 008 - FIXED-LENGTH DATA ELEMENTS--GENERAL INFORMATION | |
| fixed length control field | 230718s9999 xx 000 0 und d |
| 041 ## - LANGUAGE CODE | |
| Language code of text/sound track or separate title | eng |
| 082 ## - DEWEY DECIMAL CLASSIFICATION NUMBER | |
| Classification number | 571.8 |
| Item number | REI |
| 100 ## - MAIN ENTRY--PERSONAL NAME | |
| Personal name | Reilly W. J. |
| 9 (RLIN) | 145797 |
| 245 ## - TITLE STATEMENT | |
| Title | How To Get What You Want Out Of Life |
| 260 ## - PUBLICATION, DISTRIBUTION, ETC. (IMPRINT) | |
| Date of publication, distribution, etc. | 1987 |
| Name of publisher, distributor, etc. | Harper And Rao |
| 365 ## - TRADE PRICE | |
| Currency code | Rs. |
| Price amount | 95.00 |
| 700 ## - ADDED ENTRY--PERSONAL NAME | |
| Personal name | Reilly W. J. |
| 9 (RLIN) | 145797 |
| 906 ## - LOCAL DATA ELEMENT F, LDF (RLIN) | |
| d | B:368121-Mar-2000 |
| c | INST |
| b | 14.25 |
| Withdrawn status | Lost status | Damaged status | Not for loan | Home library | Current library | Date acquired | Vendor | Budget Code | Cost, normal purchase price | Bill number | Total Checkouts | Full call number | Barcode | Date last seen | Discount | Cost, replacement price | Bill Date | Koha item type | Original Barcode |
|---|---|---|---|---|---|---|---|---|---|---|---|---|---|---|---|---|---|---|---|
| Cummins College of Engineering for Women Pune | Cummins College of Engineering for Women Pune | 27/03/2000 | Tbs | INST | 80.75 | 3681 | 571.8 | CCEP-BK-11401 | 18/07/2023 | 14.25 | 95.00 | 21/03/2000 | Books | 011401 |